[Event "WchT 6th"]
[Site "Beersheba"]
[Date "2005.11.03"]
[Round "3.1"]
[White "Aronian, Levon"]
[Black "Ivanchuk, Vassily"]
[Result "1-0"]
[WhiteElo "2724"]
[BlackElo "2748"]
[Annotator "Stohl,I"]
[PlyCount "109"]
[EventDate "2005.11.01"]
[EventType "team-tourn"]
[EventRounds "9"]
[EventCountry "ISR"]
[SourceTitle "CBM 110"]
[Source "ChessBase"]
[SourceDate "2006.01.31"]
[SourceVersion "1"]
[SourceVersionDate "2006.01.31"]
[SourceQuality "1"]
[WhiteTeam "Armenia"]
[BlackTeam "Ukraine"]
[WhiteTeamCountry "ARM"]
[BlackTeamCountry "UKR"]

1. d4 Nf6 2. c4 g6 3. Nf3 Bg7 4. g3 O-O 5. Bg2 d6 6. O-O Nbd7 7. Nc3 e5 8. h3 (
8. e4 {leads to lines E68-9. The text-move often only transposes, but Ivanchuk
wants to go a different way.}) 8... exd4 9. Nxd4 ({Black must also reckon with
the rare} 9. Qxd4 $5 h6 10. Be3 Nc5 11. Qd2 Nfe4 12. Nxe4 Nxe4 13. Qc1 Kh7 14.
Rd1 Bd7 (14... Qe7 $142) 15. Bd4 Nf6 16. b3 (16. c5 $142 $1 $36) 16... Re8 17.
Qb2 Bc6 18. Re1 Be4 19. Rad1 Qe7 20. Bc3 a6 21. Rd4 Bh8 22. a4 c5 23. Rdd1 {
Bauer,C-Nataf,I/FRA-ch Vichy/2000/} Rab8 $132) 9... Nb6 $5 (9... Re8 10. e4 {
-E68}) (9... Nc5 10. e4 {-E68}) 10. b3 (10. Qc2 Nxc4 11. Ncb5 a6 12. Qxc4 axb5
$11 {[%csl Gc6,Gd5][%cal Yc7c6,Yd6d5] /=/+,/\c6,d5[+] allows Black to
neutralize the Bg2 and gives him equality at the very least.}) (10. Qd3 Nfd7
11. b3 Nc5 12. Qd1 a5 13. e4 a4 14. Rb1 axb3 15. axb3 c6 16. Be3 Re8 17. Qc2 {
Bukal,V-Sebenik,M/AUT-chT2M/2005/} (17. Re1 $5) 17... f5 $1 $132) 10... d5 {
The modern trend.} (10... c5 11. Nc2 Be6 {has been somewhat discredited due to}
12. e4 $1 Qd7 13. Kh2 Ng4+ 14. hxg4 Bxc3 15. Bh6 Bxg4 (15... Rfe8 16. Ne3 $1
$36) 16. f3 Be6 17. Bxf8 Bxa1 18. Bxd6 Rd8 19. Qxa1 Qxd6 20. Ne3 Qd4 21. Qc1
$14 {/\Nd5, Khalifman,A-Sutovskij,E/Jerusalem/1997/}) 11. c5 (11. Ba3 {
prevents the following move:} Re8 ({White probably doesn't have to worry too
much about} 11... dxc4 12. Bxf8 Qxf8 13. bxc4 $14) 12. c5 Ne4 (12... Nbd7 $142
13. c6 Ne5 {-11.c5 Nbd7}) 13. Rc1 Nd7 14. c6 $36) 11... Ne4 $5 {Until now
Black played mostly} (11... Nbd7 12. c6 Ne5 13. cxb7 Bxb7 14. Ba3 Re8 15. Rc1
Rc8 (15... a6 {is directed against Ncb5} 16. Na4 Ne4 17. e3 $5 (17. Nc5 Nxc5
18. Bxc5 Nd7 19. e3 (19. Ba3 c5 $1 20. Nc2 (20. Bxc5 $6 Nxc5 21. Rxc5 Qb6 22.
b4 Qxb4 23. Nb3 d4 $11 {/=/+}) 20... Qg5 21. h4 Qh5 22. Bf3 Qe5 $1 (22... Qf5
23. Qd2 Qe6 24. Rfd1 Rad8 25. Bxd5 Bxd5 26. Qxd5 Qxe2 27. Re1 {Illescas
Cordoba,M-Moreno Ruiz,J/ESP-ch Burgos/2003/} Qb5 $5 $132) 23. Ne3 Rad8 $13 {
V.Mikhalevski,/\} 24. Nxd5 Nf6 25. Nxf6+ Qxf6 26. Qc2 Bxf3 27. exf3 Qxf3 {
[%csl Rg1] עg1}) 19... Nxc5 20. Rxc5 Bf8 21. Rc2 c5 22. Ne2 Qd7 23. Nf4 Rad8
24. Rd2 d4 25. Bxb7 Qxb7 26. exd4 Qb4 27. Re2 Qxd4 28. Qxd4 cxd4 29. Rxe8 Rxe8
30. Rd1 g5 31. Nh5 Re2 $11 {Vaganian,R-Volokitin,A/EU-ch Silivri/2003/}) 17...
h5 18. Nc5 Nxc5 19. Bxc5 h4 20. g4 Nd7 21. Qc2 Be5 22. Ba3 $14) 16. Na4 Ne4 {
Possibly White shouldn't hurry with Nc5 so much:} 17. Rc2 $5 ({here} 17. e3 $2
{allows} Ba6 $17) (17. Nc5 Nxc5 18. Bxc5 Nd7 19. e3 $5 (19. b4 Nxc5 20. Rxc5 c6
21. a3 Bf8 22. Rc3 c5 (22... a5 $5) 23. bxc5 Bxc5 24. e3 Ba6 25. Re1 Qa5 26.
Rc1 Bc4 27. Nb3 Qxa3 {Paschall,W-Nagle,S/Budapest/2004/} 28. Bxd5 $11) (19. Qc2
Nxc5 20. Qxc5 Qd7 21. Rc2 c6 22. b4 {Khurtsidze,N-Ivanchuk,V/Yerevan/2004/} a5
$1 $132) 19... Nxc5 20. Rxc5 Bf8 21. Rc2 c6 22. Qc1 Qb6 23. Rd1 {Akopian,
V-Avrukh,B/Amsterdam/2005/} a5 $5 {[%cal Ya5a4] /\a4<=>}) 17... c5 $2 (17...
Qf6 18. Qc1 $13) 18. Nxc5 (18. Bxc5 $16) 18... Nxc5 19. Bxc5 Nd7 20. b4 Nxc5
21. bxc5 Ba6 22. Nb3 Bc4 23. Rd2 Bc3 24. Rxd5 Bxd5 25. Bxd5 Qd7 26. Qd3 Bg7 27.
Qc4 Re5 28. Bf3 Qe7 29. c6 $16 {Stean,M-Heinicke,H/Hamburg/1977/}) 12. Bb2 $146
{[%mdl 8]} (12. Nxe4 dxe4 13. Bb2 Nd5 14. c6 Qd6 $5 (14... e3 $13) (14... Re8
$5) 15. Rc1 bxc6 16. Rxc6 Qd7 17. Rc5 Bb7 18. Qc1 f5 19. Rd1 Rad8 20. e3 Rf7
21. Bf1 $36 {Ravi,L-Vijayalakshmi,S/Calcutta/1999/}) 12... Nxc5 (12... Nd7 $6
13. Nxe4 dxe4 14. c6 $36) (12... Nxc3 13. Bxc3 Nd7 14. c6 $14) 13. Ba3 Ne6 $5 {
[%mdl 512] An interesting exchange sacrifice.} (13... Qe7 $6 14. Rc1 $16) (
13... Bxd4 14. Qxd4 Ne6 15. Qd3 Re8 16. Nxd5 $14) ({The less enterprising} 
13... Nbd7 14. Nxd5 c6 15. Nf4 Re8 $132 {[%cal Yc5e4,Yd7f6] was perhaps also
playable, Black's intention is for example Ne4,Ndf6 etc.}) 14. Nxe6 Bxe6 15.
Bxf8 Qxf8 16. Rc1 c6 $44 {[%csl Gc6,Gd5] Black has a P for the exchange and a
solid [+].} 17. e4 $5 {Left to his own devices, Black could gradually improve
his position. Aronian decides to lash out and gives back a P to open the
position for his R.} (17. e3 Rd8 18. Ne2 Nc8 $5 $44) 17... Bxc3 {Black
sensibly takes the P.} (17... d4 18. Ne2 {[%cal Ye2f4] /\Nf4+/=}) 18. exd5 (18.
Rxc3 dxe4 19. Bxe4 Bxh3 20. Re1 Be6 $11) 18... Nxd5 19. Bxd5 Bxh3 (19... Bb2
$143 20. Rc2 (20. Bxe6 Bxc1 21. Bxf7+ $11) 20... Bxh3 21. Bg2 $14 {/\} Rd8 22.
Rd2) 20. Bg2 Rd8 21. Qf3 Bxg2 22. Kxg2 Bd2 23. Rc2 Rd4 24. Rd1 Qd6 25. Rc4 Rd5
$11 {Black has mobilized his forces and equlized the material balance, but
White's major pieces are suffciently active. In the following phase Ivanchuk
probably started playing for a win, but only gets into trouble.} 26. Re4 Kg7
27. b4 Bg5 28. Rxd5 Qxd5 29. Re2 Qd7 (29... Qxf3+ $142 30. Kxf3 Kf8 31. g4 Be7
$11) 30. Qc3+ Bf6 31. Qd2 Qc7 (31... Qxd2 32. Rxd2 Bc3 33. Rd7 Bxb4 34. Rxb7 a5
35. Rc7 c5 36. g4 $36 {[%csl Rb4] ץb4}) (31... Qc8 $5 32. Qd6 h5 $11 {still
seems safe enough.}) 32. Re8 $5 {It's White's time to show some ambition,
Aronian is not afraid of the o^c.} c5 {[%cal Rc7c6] /\Qc6} 33. b5 a6 (33... c4
$5 34. Qb4 g5 $13) 34. a4 axb5 35. axb5 h5 (35... c4 $142) 36. Qd5 Qb6 $2 ({
This was the last chance to play} 36... c4 {, although White has} 37. Re4 c3
38. Rc4 $14) 37. Qd7 {[%cal Re8b8] /\Rb8+/-} Bd4 38. Rb8 Qf6 39. f4 (39. f3 $5
$16 {/\} Qe5 40. Re8 Qg5 41. f4) 39... b6 40. Qd8 $1 {White wins a pawn and
transposes into a technical _|_.} Qxd8 41. Rxd8 Be3 (41... Bc3 42. Ra8 {
[%cal Ra8a6] /\Ra6+-}) 42. Kf3 Bg1 43. Rc8 ({Aronian saves a tempo in
comparison with} 43. Rb8 c4 44. Rc8) 43... c4 44. Rxc4 $18 Kf6 45. Rc1 Bd4 46.
Ke4 Bf2 47. Rc2 Bg1 (47... Bxg3 48. Rc6+ Ke7 49. Rxb6 $18 {[%csl Gb5] o^b}) 48.
Rc6+ Ke7 49. f5 gxf5+ (49... g5 50. Rh6 $18) 50. Kxf5 Bf2 51. Kf4 {[%cal Rc6h6]
/\Rh6+-} h4 52. gxh4 Bxh4 53. Rxb6 Bf2 54. Rc6 Kd7 55. Ke5 {[%cal Re5d5,Rb5b7]
/\Kd5,b6-b7} 1-0

[Event "Baku FIDE GP"]
[Site "Baku"]
[Date "2008.05.05"]
[Round "13"]
[White "Svidler, Peter"]
[Black "Inarkiev, Ernesto"]
[Result "1-0"]
[WhiteElo "2746"]
[BlackElo "2684"]
[Annotator "Krasenkow,M"]
[PlyCount "87"]
[EventDate "2008.04.21"]
[EventType "tourn"]
[EventRounds "13"]
[EventCountry "AZE"]
[EventCategory "19"]
[SourceTitle "CBM 124"]
[Source "ChessBase"]
[SourceDate "2008.05.28"]
[SourceVersion "1"]
[SourceVersionDate "2008.05.28"]
[SourceQuality "1"]

1. d4 Nf6 2. Nf3 g6 3. c4 Bg7 4. g3 O-O 5. Bg2 d6 6. O-O Nc6 7. Nc3 a6 8. Re1
Rb8 9. Rb1 Re8 10. d5 Na5 11. Qd3 c5 {GM I.Stohl examined this variation in
detail - see CBM 106, annotations to Bauer-Nijboer.} 12. e4 $146 {This obvious
move is, surprisingly, a novelty!} ({The prophylactical} 12. b3 {is the most
common course:} Bd7 (12... Nd7 $5 13. Bd2 (13. e4 $5 {- game}) 13... b6 14. Ne4
Nf6 $5 15. Nxf6+ exf6 16. Bc3 Bd7 (16... f5 $5) 17. Nd2 (17. e4 $142 $5 b5 18.
Qd2 b4 19. Bb2 $14 {Stohl}) 17... b5 18. e3 b4 19. Ba1 Nb7 20. f4 f5 $11 {
0-1 Bauer,C-Nijboer,F/Nancy 2005/CBM 106/[Stohl] (40)}) 13. a4 Qc7 (13... e6
14. dxe6 Bxe6 15. Bf4 Nh5 16. Bxd6 Bf5 17. e4 Bg4 18. e5 Nc6 19. Rbd1 Rc8 20.
h3 Nxe5 21. Nxe5 Bxd1 22. Qxd1 Re6 23. Nxf7 $1 $18 {1-0 Baburin,
A-Anagnostopoulos,D/Port Erin 1999/CBM 074 (28)}) 14. e4 b6 (14... e6 {is
premature:} 15. dxe6 Bxe6 16. Bf4 Rbd8 17. Nd5 Nxd5 18. cxd5 Bd7 19. b4 $1 c4 (
19... cxb4 $142 20. Rec1 $36 {Stohl}) 20. Rec1 Rc8 21. Qa3 Nb3 22. Rxb3 cxb3
23. Rxc7 Rxc7 24. Qxb3 Rc3 25. Qa2 Rxe4 26. h3 Rxb4 27. Qe2 Bf8 (27... Rxf4 28.
gxf4 Kf8 29. Qb2 Rxf3 30. Qxb7 $18 {1-0 Foisor,C-Van der Weide,K/Triesen 2007/
CBM 118 ext (39)}) 28. Ng5 Bxa4 29. Ne4 $18 {1-0 Pert,N-Straub,N/Port Erin
2003/CBM 096 ext (32)}) 15. Bf4 (15. h3 Qc8 16. g4 h5 17. g5 Nh7 18. Kh2 Qc7
19. Qc2 Rb7 20. Bb2 Reb8 21. Ra1 Nf8 22. Ra3 Be8 23. Qd2 Nd7 24. Ne2 Bxb2 25.
Qxb2 b5 $132 {1/2-1/2 Kleinsorgen,H-Conterno,D/IECG 2005/Telechess 117 (45)})
15... Ng4 16. h3 Ne5 17. Nxe5 dxe5 18. Be3 Qd6 19. Qc2 e6 20. Rbd1 exd5 21.
exd5 f5 22. Bg5 e4 23. h4 Be5 24. Ne2 Nb7 25. Qd2 Nd8 26. Be3 Nf7 27. a5 Bf6
28. h5 Ne5 $132 {0-1 Martinovic,D-Von Saleski,M/www.desc-online.de 2004/
Telechess CBM 111 (66)}) (12. Bd2 {is harmless:} b5 13. b3 (13. cxb5 c4) 13...
bxc4 (13... e6 $143 14. dxe6 Bxe6 15. Ng5 Bf5 16. e4 Bc8 17. cxb5 axb5 18. Nxb5
Ba6 19. Qxd6 $16 Nxb3 20. Bf4 $1 {1-0 Kveinys,A-Kulaots,K/Mezezers 2000/EXT
2001 (24)}) 14. bxc4 Rxb1 15. Rxb1 Qc7 16. e4 Bd7 17. h3 Rb8 18. Bf1 Be8 19.
Nd1 Rxb1 20. Qxb1 Nd7 21. Ne3 Nb7 22. Bd3 Qb6 $11 {1/2-1/2 Giua,F-Safranska,A/
France 2002/EXT 2003 (40)}) 12... Nd7 ({It is unclear what GM P.Svidler had
prepared against} 12... b5 13. cxb5 $140 c4) 13. b3 e5 {In my opinion, this
move doesn't quite match the whole idea (a6, Rb8, Nd7).} (13... Ne5 14. Nxe5
dxe5 {is logical or, if Black doesn't want to hurry,}) (13... b6 14. a3 Qc7)
14. a3 Qc7 15. Be3 (15. Bf1 $142 $1 {[%cal Rb3b4]} b6 16. b4 Nb7 17. Bd2 $14)
15... b5 16. cxb5 Nxb3 $1 {missed or provoked by White?} 17. a4 Nd4 (17... c4
18. Qf1 {[%csl Rc4][%cal Yf3d2]}) 18. Nd2 axb5 19. Nxb5 Nxb5 20. axb5 Nb6 $13 {
Black has safely protected his queenside.} 21. Bf1 (21. Rec1 $5 f5 22. Nc4)
21... Bd7 {Black plays passively; it was quite possible (now or later) to
display activity:} (21... f5 $5 22. f3 Rf8 $132) 22. Ra1 Rb7 23. Reb1 Reb8 24.
Ra6 Qd8 25. Qa3 Nc8 26. Ra8 Bf8 (26... Qc7 $5 27. Rxb8 $140 Qxb8) 27. Rxb8 Rxb8
28. Qa6 Nb6 29. Nc4 Nxc4 30. Bxc4 Ra8 31. Qb7 f6 $6 (31... Rb8 {was quite
enough for a draw. If} 32. Bg5 (32. Qa7 Ra8) {then} 32... Qe8 33. Qa6 (33. Qc7
Bxb5 {[%cal Yb8c8]}) 33... Ra8 34. Qb6 Ra4 $132) 32. b6 Rb8 33. Qa7 Ra8 34. Qb7
Rb8 35. Qa7 Ra8 36. Bxc5 $1 {[%mdl 512] An excellent attempt, to which Black
fails to find the right response.} dxc5 $2 {After this move White's passed
pawn decide the game.} (36... Rxa7 37. bxa7 Qa5 {was the only way to survive.
It leads to amazing variations:} 38. Be3 (38. Rb8 $4 Bh3) 38... Bh3 $1 39. Bf1
Qa2 $1 40. Rc1 Bxf1 41. Kxf1 {[%cal Yf1g2,Yc1c8]} f5 $8 42. Kg2 (42. Rc8 $4
Qa6+) 42... f4 43. gxf4 exf4 44. Bd4 Qa4 45. h3 {to free the h2-square} (45.
Rc8 $143 Qxd4 46. a8=Q Qxe4+ 47. Kf1 Qd3+ 48. Ke1 Qb1+ 49. Ke2 Qe4+ 50. Kd2
Qb4+ 51. Kc2 Qe4+ 52. Kb2 Qb4+ 53. Ka2 Qd2+ 54. Ka3 Qd3+ 55. Kb4 Qb1+ 56. Ka5
Qa1+ 57. Kb5 Qb2+ 58. Kc6 Qc3+ 59. Kb7 (59. Kd7 Qg7+) 59... Qb2+ 60. Kc7 Qg7+
61. Kb8 Qb2+ 62. Qb7 Qxf2 $13) 45... Qxd4 46. a8=Q f3+ $3 (46... Qxe4+ 47. Kg1
$16) 47. Kxf3 Qf6+ 48. Ke3 (48. Kg2 $4 Qg5+) (48. Ke2 Qb2+ 49. Kd1 Qd4+ $11)
48... Qg5+ 49. f4 Qg3+ 50. Kd4 Qf2+ 51. Kd3 Qf3+ 52. Kc4 Qxe4+ 53. Kb3 Qd3+ 54.
Rc3 Qb1+ 55. Kc4 Qf1+ 56. Kb4 Qxf4+ 57. Ka3 Qe5 {and Black should not lose.})
37. d6+ Kh8 38. Qc7 Rb8 39. b7 {[%cal Rc7d8]} Be7 $8 40. Qxc5 Bf8 41. Qc7 Bb5 (
41... Be7 42. Bd5 {[%cal Yb1a1,Ya1a8]}) 42. Qxd8 Rxd8 43. Rxb5 Bxd6 (43... Rb8
44. d7 {[%cal Yb5a5,Ya5a8]}) 44. Rd5 1-0

[Event "Nalchik FIDE GP"]
[Site "Nalchik"]
[Date "2009.04.27"]
[Round "11"]
[White "Ivanchuk, Vassily"]
[Black "Grischuk, Alexander"]
[Result "1-0"]
[WhiteElo "2746"]
[BlackElo "2748"]
[Annotator "Krasenkow,M"]
[PlyCount "73"]
[EventDate "2009.04.15"]
[EventType "tourn"]
[EventRounds "13"]
[EventCountry "RUS"]
[EventCategory "19"]
[SourceTitle "CBM 130"]
[Source "ChessBase"]
[SourceDate "2009.05.20"]
[SourceVersion "1"]
[SourceVersionDate "2009.05.20"]
[SourceQuality "1"]

1. d4 Nf6 2. c4 g6 3. Nc3 Bg7 4. e4 d6 5. Nf3 O-O 6. Be2 e5 7. O-O Nc6 8. d5
Ne7 9. b4 Nh5 10. c5 Nf4 11. Bxf4 exf4 12. Rc1 h6 13. Nd4 a6 ({As to} 13... g5
{White replies} 14. Bh5 {(the main theoretical line), Black looks for a useful
waiting move. Besides the text,}) (13... Kh8 $5 {and}) (13... a5 $5 {have been
tried.}) 14. h3 (14. Qd2 g5 15. h3 $6 (15. Bh5 $142 $1) 15... Ng6 16. Bh5 (16.
Bg4 Bxg4 17. hxg4 Ne5 18. f3 $140 Nc4) 16... Ne5 17. Nf3 Bd7 18. Nxe5 Bxe5 19.
Bg4 Bxg4 20. hxg4 Qf6 21. Rfd1 h5 $1 22. gxh5 g4 $40 {0-1 Antonsen,M-Josephsen,
N/Aarhus 1989/EXT 1998 (64)}) (14. a4 $5 {needs testing:} g5 (14... c6 $5 15.
Nb3 a5 $14 {1/2-1/2 Karpman,V-Golod,V/Simferopol 1991/EXT 1998}) 15. h3 (15.
Bh5 $5) 15... Ng6 16. Bg4 Bxd4 17. Qxd4 Ne5 18. f3 Qf6 19. Ne2 Qg6 20. Qd2 h5
21. Bxc8 Raxc8 22. Nd4 Qf6 23. Nf5 $16 {1-0 Pecak,M-Jedra,W/Lublin 1999/EXT
2003 (31)}) (14. Re1 {is the most popular move:} Kh7 (14... Bd7 15. a3 Kh7 16.
Nb3 f5 17. Bf3 $1 fxe4 18. Nxe4 Nf5 19. Na5 b6 20. cxb6 cxb6 21. Nc6 $16 {
1-0 Psakhis,L-Kantsler,B/Israel 2002/CBM 088/[Psakhis](37)}) (14... Kh8 15. Qd2
Ng8 16. Nb3 Be5 17. Na5 g5 18. Nc4 f6 19. h3 $16 {1-0 Thallinger,H-Gross,D/
Balatonbereny 1995/CBM 048 ext (52)}) 15. Qd2 g5 16. Bh5 $1 Ng6 17. Bxg6+ Kxg6
18. Na4 (18. Qd3 $1 Be5 19. Nf3 f6 20. Ne2 $14) 18... Be5 19. Nb2 Qf6 20. Red1
f3 $13 {0-1 Karpman-Bitansky,I/Tel Aviv 1996 (36)}) 14... Kh8 (14... Kh7 15.
Qd3 (15. Bg4 Bxg4 16. hxg4 Ng8 17. Nf3 {Wahls} Re8 $13) (15. Re1 $5) (15. Qd2
$5 g5 16. Bh5) 15... Ng8 16. cxd6 $6 (16. Rfd1) 16... cxd6 17. Nf3 Re8 18. a4
Bd7 19. a5 Rc8 $15 {0-1 Karpman,V-Kruppa,Y/Simferopol 1990/CBM 021/[Wahls] (53)
}) 15. Qd2 Ng8 $6 16. Rfd1 h5 {An unusual plan - and an unusual reply!} 17.
Qxf4 $5 {[%mdl 512] In fact, this sacrifice was not necessary -} (17. Nf3 {
[%cal Ye2d3,Yc3e2] created serious problems for Black. If} f5 {then} 18. Bd3)
17... Bh6 18. Qg3 h4 19. Qd3 Bxc1 20. Rxc1 {Of course, White's central pawn
gives him a more than sufficient compensation for the exchange.} Qg5 21. Re1
Bd7 22. c6 {There was no need to hurry:} (22. Nf3 Qf4 (22... Qf6 23. Qe3 {
[%cal Ye2c4,Ye4e5]}) 23. Qd4+ Kh7 24. Bd1 $36) 22... bxc6 23. dxc6 Be6 24. Bg4
$5 Bxg4 25. hxg4 Ne7 (25... Qxg4 $5 26. Nd5 h3 $1 27. Qxh3+ Qxh3 28. gxh3 Ra7
29. Re3 $36 {[%cal Ye3a3]}) 26. Qd1 Rab8 27. a3 Kg7 28. Re3 Qf6 29. Nf3 Nxc6 $6
{Black decides to give up two pawns (c7 and a6) for this one but overlooks a
dangerous trick. It was not easy to find a better defence. E.g.} (29... Rfe8
30. g5 Qf4 (30... Qe6 31. Nxh4 Nxc6 32. Nd5) 31. e5 d5 $5 (31... dxe5 32. Re4
Qf5 33. Rxe5 Qc8 34. Qa1 $16 {[%cal Yc3e4]}) 32. e6 $1 $36) ({Perhaps the
difficult} 29... Rbe8 $5 {move was the best option} 30. g5 $140 Qf4 31. e5 d5
$1 32. e6 fxe6 33. Rxe6 h3 $1 $132) 30. Nd5 Qe6 (30... Qd8 31. Qa1+ Ne5 (31...
f6 32. g5) 32. Nxe5 dxe5 33. Qxe5+ f6 34. Qc3 $16) 31. Nxc7 $2 (31. Ng5 $1 {
was much stronger} Qd7 $140 (31... Qe5 $2 32. f4 Qd4 33. Qc1 {[%cal Rc1c6,
Rg5f3]}) 32. Nh7 $1 Rfd8 33. Rc3 $1 {[%cal Rh7f6]} Qe6 34. Rxc6 Kxh7 35. Rxc7
$18) 31... Qxg4 $2 {Resignation. Black's position now collapses.} (31... Qd7 $1
32. Nxa6 Rbd8 {kept drawing chances} ({or} 32... Rbc8 33. e5 Rfd8)) 32. Qxd6
$18 Rbd8 (32... h3 33. Ne1) 33. Qxc6 Rd1+ 34. Ne1 h3 35. Qc3+ f6 36. Rxh3 Rc8
37. e5 1-0